00758cam a2200193Ma 4500001001000000003000600010005001700016008004100033035002100074040003200095082002100127100003200148245014300180250005200323260006100375300003400436505005800470650003600528222446586OCoLC20181210161022.0930304q18951896pau u000 0 eng d a(OCoLC)222446586 aAU@bengcAU@dOCLCQdCIRBC04a231.3220bS613H1 aSimpson, A. B.q(Albert B.)14aThe Holy Spirit or power from on high :ban unfolding of the doctrine of the Holy Spirit in the Old and New Testaments /cby A.B. Simpson. aNew ed. /bwith foreword by Walter M. Turnbull. aHarrisburg, Pa. :bChristian Publications,c[1895?-1896] a2 v. (293 p.) ; vol.2c20 cm.0 apt. 1. The Old Testament -- pt. 2. The New Testament. 0aHoly SpiritxBiblical teaching.